01191 2200265 4500001002100000005001500021035002000036008004100056020001800097041000800115082001300123084001900136100002200155245008600177260003700263300002300300504001700323520041200340650002100752650003300773650004000806990002600846990002600872990002700898INLIS00000000000038220221101020148 a0010-0520000382221101 | | eng  a9789041118241 aeng a344.0125 a344.0125 COL i0 aCollocci, Michele14aImpact Of the Internet and New Technnologies On the Workplace /cMichele Collocci aThe Hague :bMc Graw Hill,c2002 axiv.186hlm ;c24cm aBibliography aThis book focus mainly on the right of privacy, such as the origin; limits; and boundaries of it. It also contains comparative analysis of the relevant constitutions and statutes in common law as well as in civil law. Not only those, this book also propose some regulations in order to strike a balance between the employee?s right to privacy and the responsibilities of the employer in digital environment. 4aPrivacy,Right of 4aInternet-LAw and Legislation 4aComputer System-Law and Legislation a07484/MKRI-P/XII-2007 a07484/MKRI-P/XII-2007 a05752/MKRI-P/VIII-2008